Study of England's rural communities (Record no. 116940)
[ view plain ]
| 000 -LEADER | |
|---|---|
| fixed length control field | 01266cam a2200229 4500 |
| 001 - CONTROL NUMBER | |
| control field | WB4002-14 |
| 008 - FIXED-LENGTH DATA ELEMENTS--GENERAL INFORMATION | |
| fixed length control field | 040115n2004 000 0 eng u |
| 035 ## - SYSTEM CONTROL NUMBER | |
| System control number | (Sirsi) u124848 |
| 245 ## - TITLE STATEMENT | |
| Title | Study of England's rural communities |
| 260 ## - PUBLICATION, DISTRIBUTION, ETC. | |
| Date of publication, distribution, etc. | 2004 |
| 490 ## - SERIES STATEMENT | |
| Series statement | DEFRA News Release |
| Volume/sequential designation | 14 January 2004 (2) |
| 520 ## - SUMMARY, ETC. | |
| Summary, etc. | Report is published, 'Social and economic change and diversity in rural England' by the Rural Research Centre established by Defra. This was published alongside a review of the Rural White Paper, 'Our countryside: The future, a fair deal for rural England', which was published in November 2000. The new report presents the findings of an analysis of the 2001 census and other information regarding social and economic characteristics of rural areas of England. The review of the Rural White Paper reveals that it was going in the right direction for rural policy and supports its objectives for sustainable rural development. For the news release: http://www.defra.gov.uk/news/latest/2004/ruralwhit e-0104.htm |
| 590 ## - LOCAL NOTE (RLIN) | |
| Local note | WB |
| 590 ## - LOCAL NOTE (RLIN) | |
| Local note | WB |
| 650 ## - SUBJECT ADDED ENTRY--TOPICAL TERM | |
| Topical term or geographic name entry element | RURAL COMMUNITY |
| 650 ## - SUBJECT ADDED ENTRY--TOPICAL TERM | |
| Topical term or geographic name entry element | RURAL WHITE PAPER |
| 650 ## - SUBJECT ADDED ENTRY--TOPICAL TERM | |
| Topical term or geographic name entry element | BIRKBECK COLLEGE |
| 650 ## - SUBJECT ADDED ENTRY--TOPICAL TERM | |
| Topical term or geographic name entry element | SOCIAL EXCLUSION |
| 650 ## - SUBJECT ADDED ENTRY--TOPICAL TERM | |
| Topical term or geographic name entry element | CENSUS 2001 |
| 690 ## - LOCAL SUBJECT ADDED ENTRY--TOPICAL TERM (OCLC, RLIN) | |
| Topical term or geographic name as entry element | RURAL |
| 9 (RLIN) | 6268 |
| 942 ## - ADDED ENTRY ELEMENTS (KOHA) | |
| Suppress in OPAC | 0 |
| Withdrawn status | Lost status | Source of classification or shelving scheme | Damaged status | Not for loan | Home library | Current library | Shelving location | Date acquired | Total Checkouts | Full call number | Barcode | Date last seen | Copy number | Price effective from | Koha item type |
|---|---|---|---|---|---|---|---|---|---|---|---|---|---|---|---|
| Dewey Decimal Classification | London | London | News article | 15/01/2004 | WB4002-14 | 124848-1001 | 06/08/2019 | 1 | 06/08/2019 | News article |